Statistics for Binding of Isaac: Rebirth Rooms Quiz

Click here to take the quiz!

General Stats

  • This quiz has been taken 47 times
  • The average score is 18 of 21

Answer Stats

HintAnswer% Correct
Final room of a floorBoss
100%
Contains booksLibrary
100%
Spikes on the floorSacrifice
100%
Buy things hereShop
100%
Appears post boss fightAngel
98%
Requires a coinArcade
98%
Appears post boss fightDevil
98%
Bomb a wallSecret
95%
Closes after 20 minsBoss Rush
93%
Bomb another wallSuper Secret
93%
Contains an itemTreasure
93%
Hurts to enterCurse
91%
Rerolls somethingDice
88%
Undefined may take you hereI Am Error
88%
Fight a deadly sin hereMini-Boss
86%
Enter with full healthChallenge
84%
Enter with low healthBoss Challenge
79%
Requires two bombsBedroom
70%
Found in some crawl spacesBlack Market
65%
Requires two keysVault
33%
Darker version of aboveDirty Bedroom
23%

Score Distribution

Percentile by Number Answered

Percent of People with Each Score

Your Score History

You have not taken this quiz